| 000 | 00915cam a2200289 i 4500 | ||
|---|---|---|---|
| 001 | 200461525 | ||
| 003 | TR-AnTOB | ||
| 005 | 20241129155058.0 | ||
| 007 | ta | ||
| 008 | 240529n tu 000 1 tur d | ||
| 040 |
_aTR-AnTOB _beng _erda _cTR-AnTOB |
||
| 041 | 1 |
_atur _heng |
|
| 050 |
_aPR6005.H66 _bM9719 |
||
| 090 |
_aPR6005.H66 _bM9719 |
||
| 100 | 1 |
_aChristie, Agatha, _d1890-1976 _eauthor _910001 |
|
| 245 | 1 | 0 |
_aEsrarlı kayalık / _cAgatha Christie. |
| 264 | 1 |
_a[Place of publication not identified] : _b[publisher not identified]. _c[date of publication not identified] |
|
| 300 |
_a150 pages ; _c20 cm |
||
| 336 |
_atext _btxt _2rdacontent |
||
| 337 |
_aunmediated _bn _2rdamedia |
||
| 338 |
_avolume _bnc _2rdacarrier |
||
| 490 | 0 |
_aPolisiye Dizi ; _v14 |
|
| 650 | 7 |
_aİngiliz romanı _2etuturkob _96057 |
|
| 730 | 4 | 2 |
_aThe ministry of fear. _lTurkish. |
| 942 |
_2lcc _cBK |
||
| 999 |
_c200461525 _d79737 |
||